LEADER 01378nas 2200361- 450 001 9910829581803321 005 20241126213016.0 011 $a2722-3973 035 $a(OCoLC)1417790041 035 $a(CKB)5490000000142860 035 $a(CONSER)--2024232698 035 $a(EXLCZ)995490000000142860 100 $a20240220a20209999 o-- - 101 0 $aeng 135 $aur||||||||||| 181 $ctxt$2rdacontent 182 $cc$2rdamedia 183 $acr$2rdacarrier 200 00$aJournal of contemporary governance and public policy 210 1$aMakassar, South Sulawesi, Indonesia :$cPusat Penelitian Ilmu Sosial dan Humaniora Kontemporer,$d[2020]- 215 $a1 online resource 311 08$a2722-3981 330 $aContemporary issues in governance and public policy within the contexts of planning, decision-making, and evaluation from the perspectives and experiences of the Global South. 517 1 $aContemporary governance and public policy 606 $aPublic administration$zIndonesia$vPeriodicals 606 $aEconomic development$zIndonesia$vPeriodicals 615 0$aPublic administration 615 0$aEconomic development 712 02$aPusat Penelitian Ilmu Sosial dan Humaniora Kontemporer, 906 $aJOURNAL 912 $a9910829581803321 996 $aJournal of contemporary governance and public policy$94297681 997 $aUNINA